=LDR 00000nam 2200000 4500 =001 INLIS000000000032569 =005 20240502121808 =035 ##$$a 0010-061300000032569 =008 240502################a##########0#ind## =041 ##$$a ind =082 ##$$a 028.5 =090 ##$$a 028.5, Mua a =100 ##$$a MUAKHIR, Ali =245 1#$$a Aku belajar puasa, Learn Fasting, /$c Ali Muakhir =250 ##$$a cet. I =260 ##$$a Bandung :$b Dar! Mizan,$c 2009 =300 ##$$a 23 hlm : $b illus ; $c 17 cm =650 #4$$a Bacaan Kanak-kanak =850 ##$$a NBPNMAT =084 ##$$a 028.5 MUA a =990 ##$$a 0001/BPAP-NTB/2016 =990 ##$$a 21002666